<?xml version="1.0" encoding="UTF-8"?><?xml-stylesheet type="text/xsl" href="static/style.xsl"?><OAI-PMH xmlns="http://www.openarchives.org/OAI/2.0/" xmlns:xsi="http://www.w3.org/2001/XMLSchema-instance" xsi:schemaLocation="http://www.openarchives.org/OAI/2.0/ http://www.openarchives.org/OAI/2.0/OAI-PMH.xsd"><responseDate>2026-04-17T01:21:56Z</responseDate><request verb="GetRecord" identifier="oai:www.recercat.cat:10459.1/71304" metadataPrefix="marc">https://recercat.cat/oai/request</request><GetRecord><record><header><identifier>oai:recercat.cat:10459.1/71304</identifier><datestamp>2025-11-10T19:18:46Z</datestamp><setSpec>com_2072_3622</setSpec><setSpec>col_2072_479130</setSpec></header><metadata><record xmlns="http://www.loc.gov/MARC21/slim" xmlns:dcterms="http://purl.org/dc/terms/" xmlns:xsi="http://www.w3.org/2001/XMLSchema-instance" xmlns:doc="http://www.lyncode.com/xoai" xsi:schemaLocation="http://www.loc.gov/MARC21/slim http://www.loc.gov/standards/marcxml/schema/MARC21slim.xsd">
   <leader>00925njm 22002777a 4500</leader>
   <datafield ind2=" " ind1=" " tag="042">
      <subfield code="a">dc</subfield>
   </datafield>
   <datafield ind2=" " ind1=" " tag="720">
      <subfield code="a">Pollina Pocallet, Mercè</subfield>
      <subfield code="e">author</subfield>
   </datafield>
   <datafield ind2=" " ind1=" " tag="720">
      <subfield code="a">Artigues-Barberà, Eva</subfield>
      <subfield code="e">author</subfield>
   </datafield>
   <datafield ind2=" " ind1=" " tag="720">
      <subfield code="a">Tort Nasarre, Glòria</subfield>
      <subfield code="e">author</subfield>
   </datafield>
   <datafield ind2=" " ind1=" " tag="720">
      <subfield code="a">Sol, Joaquim</subfield>
      <subfield code="e">author</subfield>
   </datafield>
   <datafield ind2=" " ind1=" " tag="720">
      <subfield code="a">Azlor, Laura</subfield>
      <subfield code="e">author</subfield>
   </datafield>
   <datafield ind2=" " ind1=" " tag="720">
      <subfield code="a">Foguet Boreu, Quintí</subfield>
      <subfield code="e">author</subfield>
   </datafield>
   <datafield ind2=" " ind1=" " tag="720">
      <subfield code="a">Ortega Bravo, Marta</subfield>
      <subfield code="e">author</subfield>
   </datafield>
   <datafield ind2=" " ind1=" " tag="260">
      <subfield code="c">2021-05</subfield>
   </datafield>
   <datafield ind2=" " ind1=" " tag="520">
      <subfield code="a">Adolescence is associated with a higher vulnerability that may result in a high dissatisfaction,&#xd;
the practice of unhealthy weight-control behaviors (UWCB) and, eventually, the onset of&#xd;
body image-related mental disorders. These factors are strongly associated with the social context, so&#xd;
it is important to characterize them in local or regional studies. To assess the relationship between&#xd;
body image and UWCB presence, a cross-sectional study was performed among 2496 schooled&#xd;
adolescents from Lleida (Spain) between 2017 and 2019. Their perceived and desired images were&#xd;
evaluated and compared with the real image in order to obtain the body distortion and the body&#xd;
dissatisfaction and relate them with UWCB. The studied individuals perceived themselves thinner&#xd;
than they actually were, with no differences between males and females. However, differences were&#xd;
found regarding body dissatisfaction, showing that females desired to be thinner, while males desired&#xd;
a more corpulent body image. Furthermore, one out of ten individuals reported UWCB, with higher&#xd;
prevalence among females. UWCB was associated with a desire to be thinner and with distorted body&#xd;
images. It is essential to work on self-perception and self-acceptance in early adolescence from an&#xd;
interdisciplinary perspective at educational, social and health levels to promote health in adolescence.</subfield>
   </datafield>
   <datafield tag="653" ind2=" " ind1=" ">
      <subfield code="a">Adolescence</subfield>
   </datafield>
   <datafield tag="653" ind2=" " ind1=" ">
      <subfield code="a">Body image</subfield>
   </datafield>
   <datafield tag="653" ind2=" " ind1=" ">
      <subfield code="a">Body dissatisfaction</subfield>
   </datafield>
   <datafield tag="653" ind2=" " ind1=" ">
      <subfield code="a">Adolescent behavior</subfield>
   </datafield>
   <datafield ind2="0" ind1="0" tag="245">
      <subfield code="a">Self-perception and self-acceptance are related to unhealthy weight control behaviors in catalan adolescents: a cross-sectional study</subfield>
   </datafield>
</record></metadata></record></GetRecord></OAI-PMH>